000
00278nam a22001217a 4500
008
170428b xxu||||| |||| 00| 0 eng d
041
_a
eng
080
_a
342
100
_a
13
101
_a
SHJ
245
_a
PERSPECTIVES ON PUBLIC BUREAUCRACY
_c
KRAMER.F.A
942
_2
udc
_c
BK
999
_c
12311
_d
12311